Quality and Innovation As Factors Influencing the Pricing Policy of Hotels in Historical Buildings in the Slovak Republic

V dnešnej dobe rýchlych technologických zmien a zvyšujúcej sa konkurencie v cestovnom ruchu sa historické hotely stali jedinečnými destináciami pre náročných hostí. Ich jedinečné čaro a kultúrne dedičstvo priťahujú pozornosť turistov z celého sveta. Napriek svojej historickosti však tieto hotely čel...

Descrizione completa

Salvato in:
Dettagli Bibliografici
Autore principale: Čirčová, Vanda, 1997-
Altri autori: Gburová, Jaroslava
Natura: Capitolo di libro
Lingua:inglese
Soggetti:
Tags: Aggiungi Tag
Nessun Tag, puoi essere il primo ad aggiungerne!!

MARC

LEADER 00000naa$a2200000$$$4500
001 0298782
005 20240502084009.8
041 0 |a eng 
044 |a US 
245 1 0 |a Quality and Innovation As Factors Influencing the Pricing Policy of Hotels in Historical Buildings in the Slovak Republic  |c Vanda Čirčová, Jaroslava Gburová 
520 |a V dnešnej dobe rýchlych technologických zmien a zvyšujúcej sa konkurencie v cestovnom ruchu sa historické hotely stali jedinečnými destináciami pre náročných hostí. Ich jedinečné čaro a kultúrne dedičstvo priťahujú pozornosť turistov z celého sveta. Napriek svojej historickosti však tieto hotely čelia zložitým výzvam spojeným s modernizáciou a konkurenciou na dnešnom domácom a svetovom trhu. Ceny, ktoré stanovujú za svoje služby, sa stali kľúčovými faktormi ovplyvňujúcimi ich konkurencieschopnosť a dlhodobú udržateľnosť. Cieľom tohto príspevku je analyzovať vplyv kvality a inovácií ako faktorov ovplyvňujúcich cenovú a cenovú politiku hotelov v historických budovách pôsobiacich v Slovenskej republike z pohľadu spotrebiteľov. Výsledky príspevku poskytnú cenné poznatky pre hotelierstvo v Slovenskej republike a môžu slúžiť ako návod pre hotelierov a manažérov pri formovaní cenovej politiky, ktorá zohľadňuje očakávania a preferencie spotrebiteľov a zároveň sa usiluje o rovnováhu medzi zachovanie historického charakteru a poskytovanie inovatívnych služieb. 
610 2 0 |a inovácia 
610 2 0 |a kvalita 
610 2 0 |a politika cenová 
610 2 0 |a hotelierstvo 
610 2 0 |a hotely 
610 2 0 |a Slovensko 
100 1 |a Čirčová, Vanda, 1997- 
700 1 |a Gburová, Jaroslava